Постановление ГКО СССР № 531 сс о поставке Наркомату обороны и Наркомату военно-морского флота авиабомб в августе и сентябре мес...

RUSMARC
00003513cbm0a2200253#x 450
001b7af2e53-fd05-4160-88a4-2256149f1cce
00520220531145916.0
100##$a20220526j19410820k###0rusy50 ca
1010#$arus
102##$aRU
105##$ay###z########
1220#$ad19410820##
2001#$aПостановление ГКО СССР № 531 сс о поставке Наркомату обороны и Наркомату военно-морского флота авиабомб в августе и сентябре месяце 1941 г.
$j20 августа 1941 г.
251##$cДокумент
300##$aРассылочный и подлинный экземпляры
461#0$12001
$aФ. 644
$1251
$cФонд
$1852
$j644
462#0$12001
$aОп. 1
$1251
$cОпись
$1852
$j1
605##$2prlib_sh
$3LIBNET\UAF\0000088514
$aВторая мировая война в архивных документах (Комплекс оцифрованных архивных документов, кино- и фотоматериалов)
$lколлекция
686##$a63.3(2)622-3ю11
$vLBC/M
$2rubbk
801#0$aRU
$bТюменская ОНБ
$c20220526
801#1$aRU
$bТюменская ОНБ
$c20220526
$2rusmarc
801#2$aRU
$bПБ им. Б.Н. Ельцина
$c20220531
$2rusmarc
850##$aРоссийский государственный архив социально-политической истории
852##$aРГАСПИ
$jД. 7. Л. 127-135; Оп. 2. Д. 14. Л. 37-48об.
035##$aLIBNET\0001244252
937##$d176167966
$hФедеральное архивное агентство
8564#$uhttp://readingroom.main.prlib.ru/item.aspx?id_node=n176167966&mode=full
Формат отображения